Länder mit den meisten Autos pro Kopf - Statistiken

Allgemein
  • Dieses Quiz wurde 15.075 mal gespielt
    2.336 seit der letzten Aktualisierung
  • Das Durchschnittsergebnis liegt bei 10 aus 20
Antwortstatistiken
Autos pro 1.000
Einwohner
Land % Korrekt
779 Vereinigte Staaten
98%
677 Kanada
83%
670 Japan
75%
776 Australien
68%
701 Italien
65%
767 Liechtenstein
59%
670 Luxemburg
58%
629 Polen
58%
817 Neuseeland
56%
1.606 San Marino
54%
1.214 Andorra
53%
666 Finnland
45%
639 Island
43%
608 Tschechien
42%
635 Estland
36%
999 Taiwan
31%
661 Zypern
28%
805 Brunei
20%
678 Malaysia
19%
650 Bahamas
14%
Keine übereinstimmenden Quizze gefunden
Verteilung der Resultate
Anzahl Personen mit jedem Resultat
Perzentil nach korrekt beantworteten Fragen
Ihre Resultats-Entwicklung
Sie haben dieses Quiz seit der letzten Aktualisierung nicht gespielt